Música para todos nosotros

Salvato in:
Dettagli Bibliografici
Autore principale: Stokowski, Leopoldo (Autore)
Natura: Libro
Lingua:spagnolo
Pubblicazione: Buenos Aires Espasa-Calpe 1946
Edizione:2a. ed
Serie:Colección Austral, 591
Soggetti:
Tags: Aggiungi Tag
Nessun Tag, puoi essere il primo ad aggiungerne!!

MARC

LEADER 00000nam a2200000 a 4500
001 UCN3256
003 CL-VaPUC
005 20241025113847.0
008 010622e19460000AG |||||||||||||||||spa|d
999 |c 296181  |d 296179 
040 |c Pontificia Universidad Católica de Valparaíso 
082 0 4 |a 780  |b STO  |2 21 
100 0 |a Stokowski, Leopoldo  |e author  |9 459732 
245 1 0 |a Música para todos nosotros 
250 |a 2a. ed 
260 |a Buenos Aires  |b Espasa-Calpe  |c 1946 
300 |a 263 p 
490 0 |a Colección Austral, 591 
583 |a last modification  |c 20010622 00:00:00  |k Rodrigo Vera 
650 0 |a Historia de la música  |2 CL-VaPUC  |9 306741 
650 0 |a Teoría musical  |9 265760 
650 0 |a Elementos musicales  |9 306544 
650 0 |a Música instrumental  |9 375235 
650 0 |a Música vocal   |9 306287 
650 0 |a Técnicas musicales  |2 CL-VaPUC  |9 350488 
942 |c BK  |2 ddc 
945 |d 20010622 00:00:00  |a crobeson 
952 |0 0  |1 0  |4 0  |6 780_000000000000000_STO_1946  |7 0  |8 A  |9 349797  |a BIBEDU  |b BIBEDU  |d 2019-11-20  |i 3669629  |o 780 STO 1946  |p 3669629  |r 2023-01-12  |w 2019-11-20  |y BK  |k MUS